000 03459njm a2200553Ia 4500
001 24666
003 IT-RoPAU
005 20220918181118.0
008 131025s9999 xx 000 0 und d
040 _aIT-RoPAU
040 _cIT-RoPAU
999 _c99545
_d99545
999 _bn.d.
100 _aAA.VV.
_9794
100 _eAutore musica
_911499
100 _gCodice autore musica SPICS: 12000
_9796
245 _aPercussion in the Sky
250 _a1a ed.
260 _aROMA
260 _bRCA (RADIO CORP. AMERICA)
_c1961 [1a Ed.:1961]
300 _aDISCO
500 _aMusica strumentale. Percussioni
505 _aYou Are My Lucky Star - The High and the Mighty - Don't Let the Stars Get in Your Eyes - I Got the Sun in the Morning - Blue Moon - Look For a Star - Moonlight Becomes You - Over the Rainbow - I'm Sitting On Top of the World - The Moon Was Yellow - Stairway To the Stars - When You Wish Upon A Star
511 _aWerner Muller e la Sua Orchestra
650 _aSTRUMENTALE [DISCHI]
_eCodice MATERIA SPICS: 9950
_9828
700 _aMuller Werner
_gCodice interprete SPICS: 9667
_eInterprete
_911500
700 _aFreed Arthur
_gCodice autore musica SPICS: 15706
_eAutore musica
_pYou Are My Lucky Star
_911501
700 _aBrown
_gCodice autore SPICS: 20445
_eAutore
_pYou Are My Lucky Star
_911502
700 _aTiomkin Dimitri
_gCodice autore musica SPICS: 11173
_eAutore musica
_pThe High and the Mighty
_911503
700 _aWashington Grover
_gCodice autore SPICS: 11616
_eAutore
_pThe High and the Mighty - When You Wish Upon a Star
_911504
700 _aWillett Chappy
_gCodice autore musica SPICS: 15742
_eAutore musica
_pDon't Let the Stars Get in Your Eyes
_911505
700 _aBerlin Irving
_gCodice autore musica SPICS: 14042
_eAutore musica
_pI Got the Sun in the Morning
_911506
700 _aRodgers Richard
_gCodice autore musica SPICS: 11120
_eAutore musica
_pBlue Moon
_911507
700 _aHart Lorenz
_gCodice autore SPICS: 10738
_eAutore
_pBlue Moon
_911508
700 _aAnthony Little
_gCodice autore musica SPICS: 13120
_eAutore musica
_pLook For a Star
_911509
700 _aBurke Johnny
_gCodice autore musica SPICS: 15743
_eAutore musica
_pMoonlight Becomes You
_911510
700 _aVan Heusen Jimmy
_gCodice autore SPICS: 15744
_eAutore
_pMoonlight Becomes You
_911511
700 _aArlen Harold
_gCodice autore musica SPICS: 13025
_eAutore musica
_pOver the Rainbow
_911512
700 _aHarburg E. Y.
_gCodice autore SPICS: 15671
_eAutore
_pOver the Rainbow
_911513
700 _aHenderson
_gCodice autore musica SPICS: 20496
_eAutore musica
_pI'm Sitting On Top of the World
_911514
700 _aYoung Paul
_gCodice autore SPICS: 10129
_eAutore
_pI'm Sitting On Top of the World
_911515
700 _aLewis M.
_gCodice autore testo/musica SPICS: 20173
_eAutore testo/musica
_pI'm Sitting On Top of the World
_911516
700 _aAhlert R.
_gCodice autore musica SPICS: 15745
_eAutore musica
_pThe Moon Was Yellow
_911517
700 _aLeslie
_gCodice autore SPICS: 15746
_eAutore
_pThe Moon Was Yellow
_911518
700 _aSignorelli
_gCodice autore musica SPICS: 15747
_eAutore musica
_pStairway To the Stars
_911519
700 _aMalneck
_gCodice autore SPICS: 15748
_eAutore
_pStairway To the Stars
_911520
700 _aParish Mitchell
_gCodice autore testo/musica SPICS: 23767
_eAutore testo/musica
_pStairway To the Stars
_911521
700 _aHarline
_gCodice autore musica SPICS: 15749
_eAutore musica
_pWhen You Wish Upon A Star
_911522
942 _cMD
_2ddc